00432 2200157 4500001002100000008004100021035002000062245006300082100001900145260003600164020001700200084001600217082001000233650001800243990001300261INLIS000000000000706 ind  a0010-0120000706 aKumpulan Cerita Rakyat dan Sejarah NasionalcMB. Rahimsyah aRahimsyah, MB. aSurabaya:bTerbit Terang,c2001 aNOISBN-00133 a398.2 RAH k a398.2 aCerita Rakyat a11900218